书目信息 |
| 题名: |
钳工实训指导
|
|
| 作者: | 张翼 主编 | |
| 分册: | ||
| 出版信息: | 哈尔滨 哈尔滨工程大学出版社 2007 |
|
| 页数: | 116页 | |
| 开本: | 26cm | |
| 丛书名: | ||
| 单 册: | ||
| 中图分类: | TG9 | |
| 科图分类: | ||
| 主题词: | 钳工--高等教育--教材 , 钳工 | |
| 电子资源: | ||
| ISBN: | 978-7-81073-948-1 | |
| 000 | 00859nam0 2200253 450 | |
| 001 | 550842 | |
| 005 | 20250607094025.5 | |
| 010 | @a978-7-81073-948-1@dCNY14.00@z7-81073-948-4 | |
| 100 | @a20070327d2007 em y0chiy0110 ea | |
| 101 | 0 | @achi |
| 102 | @aCN@b230000 | |
| 105 | @ay z 000yy | |
| 106 | @ar | |
| 200 | 1 | @a钳工实训指导@9qian gong shi xun zhi dao@f张翼主编 |
| 210 | @a哈尔滨@c哈尔滨工程大学出版社@d2007 | |
| 215 | @a116页@d26cm | |
| 300 | @a21世纪高职系列教材 | |
| 330 | @a本书以中级钳工为主要对象,以介绍钳工操作步骤和方法为重点,突出钳工职业能力。主要内容有钳工常用量具设备、划线、锉削、錾削、锯削、钻孔、扩孔等基本知识。 | |
| 606 | 0 | @a钳工@x高等教育@j教材 |
| 606 | 0 | @a钳工 |
| 690 | @aTG9@v4 | |
| 701 | 0 | @a张翼@9zhang yi@4主编 |
| 801 | 0 | @aCN@bNLC@c20250607 |
| 905 | @b1605369-98@b1605399-418@b1605369-98@b1605399-418@dTG9@e28@f100 | |
| 钳工实训指导/张翼主编.-哈尔滨:哈尔滨工程大学出版社,2007 |
| 116页;26cm |
| 21世纪高职系列教材 |
| ISBN 978-7-81073-948-1:CNY14.00 |
| 本书以中级钳工为主要对象,以介绍钳工操作步骤和方法为重点,突出钳工职业能力。主要内容有钳工常用量具设备、划线、锉削、錾削、锯削、钻孔、扩孔等基本知识。 |
| ● |
| 相关链接 |
|
|
|
|
正题名:钳工实训指导
索取号:TG9/28
 
预约/预借
| 序号 | 登录号 | 条形码 | 馆藏地/架位号 | 状态 | 备注 |
| 1 | 1605369 | 216053696 | 不外借—密集书库/ [索取号:TG9/28] | 在馆 | |
| 2 | 1605370 | 216053703 | 不外借—密集书库/ [索取号:TG9/28] | 在馆 | |
| 3 | 1605371 | 216053712 | 不外借—密集书库/ [索取号:TG9/28] | 在馆 | |
| 4 | 1605372 | 216053721 | 不外借—密集书库/ [索取号:TG9/28] | 在馆 | |
| 5 | 1605373 | 216053730 | 不外借—密集书库/ [索取号:TG9/28] | 在馆 | |
| 6 | 1605374 | 216053749 | 不外借—密集书库/ [索取号:TG9/28] | 在馆 | |
| 7 | 1605375 | 216053758 | 不外借—密集书库/ [索取号:TG9/28] | 在馆 | |
| 8 | 1605376 | 216053767 | 不外借—密集书库/ [索取号:TG9/28] | 在馆 | |
| 9 | 1605377 | 216053776 | 不外借—密集书库/ [索取号:TG9/28] | 在馆 | |
| 10 | 1605378 | 216053785 | 不外借—密集书库/ [索取号:TG9/28] | 在馆 | |
| 11 | 1605379 | 216053794 | 不外借—密集书库/ [索取号:TG9/28] | 在馆 | |
| 12 | 1605380 | 216053801 | 不外借—密集书库/ [索取号:TG9/28] | 在馆 | |
| 13 | 1605381 | 216053810 | 不外借—密集书库/ [索取号:TG9/28] | 在馆 | |
| 14 | 1605382 | 216053829 | 不外借—密集书库/ [索取号:TG9/28] | 在馆 | |
| 15 | 1605383 | 216053838 | 不外借—密集书库/ [索取号:TG9/28] | 在馆 | |
| 16 | 1605384 | 216053847 | 不外借—密集书库/ [索取号:TG9/28] | 在馆 | |
| 17 | 1605385 | 216053856 | 不外借—密集书库/ [索取号:TG9/28] | 在馆 | |
| 18 | 1605386 | 216053865 | 不外借—密集书库/ [索取号:TG9/28] | 在馆 | |
| 19 | 1605387 | 216053874 | 不外借—密集书库/ [索取号:TG9/28] | 在馆 | |
| 20 | 1605388 | 216053883 | 不外借—密集书库/ [索取号:TG9/28] | 在馆 | |
| 21 | 1605389 | 216053892 | 不外借—密集书库/ [索取号:TG9/28] | 在馆 | |
| 22 | 1605390 | 216053909 | 不外借—密集书库/ [索取号:TG9/28] | 在馆 | |
| 23 | 1605391 | 216053918 | 不外借—密集书库/ [索取号:TG9/28] | 在馆 | |
| 24 | 1605392 | 216053927 | 不外借—密集书库/ [索取号:TG9/28] | 在馆 | |
| 25 | 1605393 | 216053936 | 不外借—密集书库/ [索取号:TG9/28] | 在馆 | |
| 26 | 1605394 | 216053945 | 不外借—密集书库/ [索取号:TG9/28] | 在馆 | |
| 27 | 1605395 | 216053954 | 不外借—密集书库/ [索取号:TG9/28] | 在馆 | |
| 28 | 1605396 | 216053963 | 不外借—密集书库/ [索取号:TG9/28] | 在馆 | |
| 29 | 1605397 | 216053972 | 不外借—密集书库/ [索取号:TG9/28] | 在馆 | |
| 30 | 1605398 | 216053981 | 不外借—密集书库/ [索取号:TG9/28] | 在馆 | |
| 31 | 1605399 | 216053990 | 不外借—密集书库/ [索取号:TG9/28] | 在馆 | |
| 32 | 1605400 | 216054007 | 不外借—密集书库/ [索取号:TG9/28] | 在馆 | |
| 33 | 1605401 | 216054016 | 不外借—密集书库/ [索取号:TG9/28] | 在馆 | |
| 34 | 1605402 | 216054025 | 不外借—密集书库/ [索取号:TG9/28] | 在馆 | |
| 35 | 1605403 | 216054034 | 不外借—密集书库/ [索取号:TG9/28] | 在馆 | |
| 36 | 1605404 | 216054043 | 不外借—密集书库/ [索取号:TG9/28] | 在馆 | |
| 37 | 1605405 | 216054052 | 不外借—密集书库/ [索取号:TG9/28] | 在馆 | |
| 38 | 1605406 | 216054061 | 不外借—密集书库/ [索取号:TG9/28] | 在馆 | |
| 39 | 1605407 | 216054070 | 不外借—密集书库/ [索取号:TG9/28] | 在馆 | |
| 40 | 1605408 | 216054089 | 不外借—密集书库/ [索取号:TG9/28] | 在馆 | |
| 41 | 1605409 | 216054098 | 不外借—密集书库/ [索取号:TG9/28] | 在馆 | |
| 42 | 1605410 | 216054105 | 不外借—密集书库/ [索取号:TG9/28] | 在馆 | |
| 43 | 1605411 | 216054114 | 不外借—密集书库/ [索取号:TG9/28] | 在馆 | |
| 44 | 1605412 | 216054123 | 不外借—密集书库/ [索取号:TG9/28] | 在馆 | |
| 45 | 1605413 | 216054132 | 不外借—密集书库/ [索取号:TG9/28] | 在馆 | |
| 46 | 1605414 | 216054141 | 不外借—密集书库/ [索取号:TG9/28] | 在馆 | |
| 47 | 1605415 | 216054150 | 不外借—密集书库/ [索取号:TG9/28] | 在馆 | |
| 48 | 1605416 | 216054169 | 不外借—密集书库/ [索取号:TG9/28] | 在馆 | |
| 49 | 1605417 | 216054178 | 不外借—密集书库/ [索取号:TG9/28] | 在馆 | |
| 50 | 1605418 | 216054187 | 不外借—密集书库/ [索取号:TG9/28] | 在馆 |